Villes du Maghreb francophone - Carte Quiz - Statistiques

Statistiques générales
  • Ce quiz a été pris 7 472 fois
  • Le résultat moyen est 8 sur 15
Réponses sur la Carte
Les réponses sont colorées sur une échelle allant du rouge au vert en fonction du pourcentage des utilisateurs qui les ont devinées à leur premier essai. Vous pouvez retrouver ces pourcentages ci-dessous.
 
Statistiques - réponses
Réponse % Correct
Alger
80%
Tunis
72%
Marrakech
61%
Tanger
60%
Casablanca
59%
Oran
58%
Agadir
55%
Rabat
55%
Fès
54%
Tataouine
47%
Constantine
42%
Sfax
40%
Annaba
31%
Sétif
24%
Kairouan
23%
Aucun quiz correspondant
Distribution des résultats
% des personnes avec chaque résultat
Percentile par nombre de réponses
Votre historique - résultats
Vous n’avez pas pris ce quiz